ස්වර්ණමය නගරය/ලසිත රවීන් උමගිලිය.

Saved in:
Bibliographic Details
Main Author: උමගිලිය,ලසිත රවීන්
Format: Book
Language:Sinhalese
Published: වත්තල: ප්‍රතිභා ප්‍රකාශන, 2023
Subjects:
Tags: Add Tag
No Tags, Be the first to tag this record!

MARC

LEADER 00000nam a22000007a 4500
008 260109b |||||||| |||| 00| 0 sin d
020 |a 9789555116619 
041 |h sin 
082 |a 891.483  |b උමගි 
100 |a උමගිලිය,ලසිත රවීන් 
245 |a ස්වර්ණමය නගරය/ලසිත රවීන් උමගිලිය. 
246 |a Swarnamaya Nagaraya/Lasitha Raween Umagiliya. 
260 |a වත්තල:  |b ප්‍රතිභා ප්‍රකාශන,  |c 2023 
300 |a පි.240;  |c සෙ.මී.21 
650 |a සිංහල සාහිත්‍යය 
942 |c CHBK 
999 |c 32545  |d 32545